"Top 6" Tile Select - Movies - Statistics

General Stats
  • This quiz has been taken 42 times
  • The average score is 44 of 64
Answer Stats
Question Tile Select % Correct
What are the "top six" James Bond movies* that starred Sean Connery? (*Official Canon) Goldeneye No
97%
What are the "top six" James Bond movies* that starred Sean Connery? (*Official Canon) Moonraker No
97%
What are the "top six" James Bond movies* that starred Sean Connery? (*Official Canon) Skyfall No
97%
What are the "top six" movies that have won the most Oscars? (Because of a tie with 9 Oscars, I randomly chose to omit 1958's "Gigi") From Here to Eternity No
92%
What are the "top six" James Bond movies* that starred Sean Connery? (*Official Canon) Licence to Kill No
92%
What are the "top six" highest-grossing Superhero movies of all time (adjusted for inflation)? Aquaman No
89%
What are the "top six" highest-grossing animated movie franchises and film series? (Not adjusted) Hotel Transylvania No
89%
What are the "top six" highest-grossing Superhero movies of all time (adjusted for inflation)? Batman Begins No
86%
What are the "top six" James Bond movies* that starred Sean Connery? (*Official Canon) For Your Eyes Only No
86%
What are the "top six" movies that have won the most Oscars? (Because of a tie with 9 Oscars, I randomly chose to omit 1958's "Gigi") My Fair Lady No
86%
What are the "top six" highest-grossing animated movie franchises and film series? (Not adjusted) Pokemon No
86%
What are the "top six" movies that have won the most Oscars? (Because of a tie with 9 Oscars, I randomly chose to omit 1958's "Gigi") Snow White and the Seven Dwarfs No
86%
What are the "top six" James Bond movies* that starred Sean Connery? (*Official Canon) Dr. No Yes
84%
What are the "top six" highest-grossing animated movie franchises and film series? (Not adjusted) How to Train Your Dragon No
84%
What are the "top six" highest-grossing Superhero movies of all time (adjusted for inflation)? Incredibles 2 No
84%
What are the "top six" highest-grossing Superhero movies of all time (adjusted for inflation)? Logan No
84%
What are the "top six" movies that have won the most Oscars? (Because of a tie with 9 Oscars, I randomly chose to omit 1958's "Gigi") Singing in the Rain No
84%
What are the "top six" highest-grossing Superhero movies of all time (adjusted for inflation)? Superman No
84%
What are the "top six" James Bond movies* that starred Sean Connery? (*Official Canon) The Spy Who Loved Me No
84%
What are the "top six" highest-grossing animated movie franchises and film series? (Not adjusted) Wreck-It Ralph No
84%
What are the "top six" highest-grossing Superhero movies of all time (adjusted for inflation)? Avengers: Endgame Yes
81%
What are the "top six" James Bond movies* that starred Sean Connery? (*Official Canon) From Russia With Love Yes
81%
What are the "top six" James Bond movies* that starred Sean Connery? (*Official Canon) Live and Let Die No
81%
What are the "top six" highest-grossing animated movie franchises and film series? (Not adjusted) Toy Story Yes
81%
What are the "top six" movies that have won the most Oscars? (Because of a tie with 9 Oscars, I randomly chose to omit 1958's "Gigi") Toy Story 3 No
81%
What are the "top six" highest-grossing animated movie franchises and film series? (Not adjusted) Madagascar No
78%
What are the "top six" highest-grossing animated movie franchises and film series? (Not adjusted) Monsters, Inc. No
78%
What are the "top six" James Bond movies* that starred Sean Connery? (*Official Canon) Casino Royale (1967) No
76%
What are the "top six" James Bond movies* that starred Sean Connery? (*Official Canon) Diamonds Are Forever Yes
76%
What are the "top six" highest-grossing animated movie franchises and film series? (Not adjusted) Frozen Yes
76%
What are the "top six" James Bond movies* that starred Sean Connery? (*Official Canon) Goldfinger Yes
76%
What are the "top six" James Bond movies* that starred Sean Connery? (*Official Canon) The Man with the Golden Gun No
76%
What are the "top six" highest-grossing Superhero movies of all time (adjusted for inflation)? Avengers: Infinity War Yes
73%
What are the "top six" James Bond movies* that starred Sean Connery? (*Official Canon) On Her Majesty's Secret Service No
73%
What are the "top six" movies that have won the most Oscars? (Because of a tie with 9 Oscars, I randomly chose to omit 1958's "Gigi") Titanic Yes
73%
What are the "top six" highest-grossing animated movie franchises and film series? (Not adjusted) Kung Fu Panda No
70%
What are the "top six" highest-grossing Superhero movies of all time (adjusted for inflation)? Spider-man No
70%
What are the "top six" movies that have won the most Oscars? (Because of a tie with 9 Oscars, I randomly chose to omit 1958's "Gigi") Star Wars No
70%
What are the "top six" highest-grossing animated movie franchises and film series? (Not adjusted) Cars No
68%
What are the "top six" James Bond movies* that starred Sean Connery? (*Official Canon) Thunderball Yes
68%
What are the "top six" movies that have won the most Oscars? (Because of a tie with 9 Oscars, I randomly chose to omit 1958's "Gigi") Ben-Hur Yes
65%
What are the "top six" highest-grossing Superhero movies of all time (adjusted for inflation)? The Dark Knight Rises No
65%
What are the "top six" highest-grossing Superhero movies of all time (adjusted for inflation)? Captain America: Civil War No
59%
What are the "top six" highest-grossing animated movie franchises and film series? (Not adjusted) Finding Nemo No
59%
What are the "top six" highest-grossing animated movie franchises and film series? (Not adjusted) Lion King Yes
59%
What are the "top six" highest-grossing animated movie franchises and film series? (Not adjusted) Shrek Yes
59%
What are the "top six" movies that have won the most Oscars? (Because of a tie with 9 Oscars, I randomly chose to omit 1958's "Gigi") The Lord of the Rings: The Return of the King Yes
59%
What are the "top six" highest-grossing Superhero movies of all time (adjusted for inflation)? The Avengers Yes
57%
What are the "top six" highest-grossing animated movie franchises and film series? (Not adjusted) Despicable Me Yes
54%
What are the "top six" highest-grossing Superhero movies of all time (adjusted for inflation)? Joker No
54%
What are the "top six" movies that have won the most Oscars? (Because of a tie with 9 Oscars, I randomly chose to omit 1958's "Gigi") Avatar No
51%
What are the "top six" highest-grossing Superhero movies of all time (adjusted for inflation)? Black Panther Yes
51%
What are the "top six" movies that have won the most Oscars? (Because of a tie with 9 Oscars, I randomly chose to omit 1958's "Gigi") Forrest Gump No
49%
What are the "top six" highest-grossing Superhero movies of all time (adjusted for inflation)? The Dark Knight No
49%
What are the "top six" highest-grossing animated movie franchises and film series? (Not adjusted) The Incredibles No
49%
What are the "top six" James Bond movies* that starred Sean Connery? (*Official Canon) You Only Live Twice Yes
46%
What are the "top six" highest-grossing Superhero movies of all time (adjusted for inflation)? Avengers: Age of Ultron Yes
38%
What are the "top six" movies that have won the most Oscars? (Because of a tie with 9 Oscars, I randomly chose to omit 1958's "Gigi") Schindler's List No
38%
What are the "top six" movies that have won the most Oscars? (Because of a tie with 9 Oscars, I randomly chose to omit 1958's "Gigi") West Side Story Yes
32%
What are the "top six" movies that have won the most Oscars? (Because of a tie with 9 Oscars, I randomly chose to omit 1958's "Gigi") The English Patient Yes
27%
What are the "top six" highest-grossing Superhero movies of all time (adjusted for inflation)? Iron Man 3 Yes
24%
What are the "top six" movies that have won the most Oscars? (Because of a tie with 9 Oscars, I randomly chose to omit 1958's "Gigi") Gone With the Wind No
22%
What are the "top six" highest-grossing animated movie franchises and film series? (Not adjusted) Ice Age Yes
22%
What are the "top six" movies that have won the most Oscars? (Because of a tie with 9 Oscars, I randomly chose to omit 1958's "Gigi") The Last Emperor Yes
22%
No matching quizzes found
Score Distribution
Percent of People with Each Score
Percentile by Number Answered
Your Score History
You have not taken this quiz